Big 4 Teams Mountain Time Zone Quiz Stats

 Plays Quiz Updated Mar 14, 2016

Challenge
Share
Tweet
Embed
Score 0/11 Timer 01:30
6 Plays Today
League Team % Correct
NFLDenver Broncos
96.7%
MLBColorado Rockies
95.2%
NBADenver Nuggets
91.7%
NFLArizona Cardinals
89.5%
MLBArizona Diamondbacks
87.6%
NHLColorado Avalanche
87%
NBAPhoenix Suns
85.4%
NBAUtah Jazz
85.1%
NHLArizona Coyotes
78.6%
NHLCalgary Flames
59.4%
NHLEdmonton Oilers
58.3%

You're not logged in!

Compare scores with friends on all Sporcle quizzes.
Join for Free
OR
Log In

You Might Also Like...

Show Comments

Extras

Top Quizzes Today


Score Distribution

Your Account Isn't Verified!

In order to create a playlist on Sporcle, you need to verify the email address you used during registration. Go to your Sporcle Settings to finish the process.

Report this User

Report this user for behavior that violates our Community Guidelines.

Details: